History Quiz

Random History Quiz

Presidents of the E.U. Commission Quiz Stats

Quiz not verified by Sporcle

Also try: 3-D History
Challenge
Share
Tweet
Embed
Score 0/11 Timer 10:00
0 Plays Today
Year President % Correct
2004-José Manuel Durão Barroso
87.5%
1999-2004Romano Prodi
75%
1958-1967Walter Hallstein
50%
1977-1981Roy Jenkins
50%
1985-1995Jacques Delors
50%
1970-1972Franco Maria Malfatti
37.5%
1967-1970Jean Rey
37.5%
1995-1999Jacques Santer
37.5%
1972-1973Sicco Mansholt
25%
1973-1977François-Xavier Ortolli
25%
1981-1985Gaston Thorn
25%

You're not logged in!

Compare scores with friends on all Sporcle quizzes.
Sign Up with Email
OR
Log In

You Might Also Like...

Show Comments

Extras

Top Quizzes Today


Score Distribution

Your Account Isn't Verified!

In order to create a playlist on Sporcle, you need to verify the email address you used during registration. Go to your Sporcle Settings to finish the process.